000 00563nam a2200205Ia 4500
005 20250508165233.0
008 008 250505s9999 xx 000 0 hin d
020 _a978-81-317-5948-6
037 _aTextBook
040 _aFEDL
_beng
_cFEDL
041 _ahin
_2eng
084 _a370.92, PAT/R
_qFEDL
100 _aPathak R P
_939314
245 0 _aVishwa ke mahan shikshashastri
260 _aDelhi, India
_bPearson Education
_c2012
300 _aviii, 270p.
365 _aINR
_b220
942 _cTB
_h370.92, PAT/R
999 _c1393984
_d1393984